Wszystkie grywalne postacie w Tekken 1 - Statystyki

Ogólne statystyki
  • Ten quiz został rozwiązany 7 razy
  • Średni wynik to 10 z 17
Statystyki odpowiedzi
Odpowiedź % Poprawnych
Kazuya Mishima
100%
Anna Williams
67%
Armor King
67%
Ganryu
67%
Heihachi Mishima
67%
Jack
67%
King
67%
Kuma
67%
Kunimitsu
67%
Marshall Law
67%
Nina Williams
67%
Paul Phoenix
67%
Yoshimitsu
67%
Lee Chaolan
33%
Michelle Chang
33%
Wang Jinrei
33%
Prototype Jack
0%
Nie znaleziono quizów pasujących do podanych kryteriów
Rozkład punktacji
Procent ludzi z każdym wynikiem
Percentyl według liczby udzielonych odpowiedzi
Twoja historia wyników
Nie rozwiązałeś tego quizu